000 nam a22 7a 4500
999 _c28285
_d28284
003 OSt
005 20170519105939.0
008 170519b xxu||||| |||| 00| 0 eng d
020 _a0131015540
040 _aMMU
_beng
_cMMU
_dMMU
050 _aGB 54.5 .C47 2007
100 _aChristopherson Robert W.
245 _aElemental Geosystems/
_cRobert W. Christopherson.
250 _a4th ed.
260 _aNew Jersey:
_bPearson;
_c2007.
300 _aiv,209p.;
650 _aGeosystems
700 _aCharlie Thomsen
942 _2lcc
_cLOAN LOAN
_e4th ed.